000 00426nam a2200181Ia 4500
001 4070
005 20260306145728.0
008 260306t2003||||xx |||||||||||||| ||spa||
041 _aESP
082 _a306.85
_bH12 Nº 33
100 _aMartín Lobo, Pilar
_eAUT
245 0 _aTu hija de 15 a 16 años
260 _c2003
300 _a282 páginas :
_c19 cm.
650 _aGEN
654 _aCED
942 _cLIB
_dJUS
_fJUS
_2ddc
_n
999 _c4070
_d4070